[Event "73rd MNE-ch 2021"]
[Site "Podgorica"]
[Date "2021.05.08"]
[Round "6.7"]
[White "Potpara, Nikola"]
[Black "Pobor, Milo"]
[Result "1-0"]
[WhiteElo "2370"]
[BlackElo "2071"]
[Annotator "TA"]
[PlyCount "79"]
[EventDate "2021.05.03"]
[EventType "swiss"]
[EventCountry "MNE"]
[SourceTitle "playchess.com"]
[Source "ChessBase"]
[SourceQuality "1"]

{[%evp 22,79,73,54,72,60,76,74,72,38,61,47,66,45,41,43,42,25,31,42,70,0,3,11,53,42,75,59,74,57,81,70,111,111,117,117,116,114,119,79,86,74,71,82,95,81,132,97,125,120,458,464,982,952,2434,2100,2355,2077,29969,29961]} 1. d4 Nf6 2. Nc3 c5 3. d5 g6 4. e4 d6 5. Nf3 Bg7 6. Bb5+ Bd7 7. a4 a6 8. Be2 Bg4 9. Nd2 Bxe2 10. Qxe2 O-O 11. O-O Nbd7 12. Nc4 Nb6 {A43: Schmid Benoni.} 13. Ne3 Nfd7 14. Bd2 {[#]} Nc8 $146 {White is better.} ({Predecessor:} 14... e6 15. a5 Nc8 16. f4 Ne7 17. dxe6 fxe6 18. Qg4 Nc6 19. Qxe6+ {1-0 (18) Perez,G (1781)-Wakeham,M (854) LSS email 2011}) 15. Ra2 Qc7 16. Rfa1 Na7 17. a5 Rae8 18. Re1 e6 19. Qf1 exd5 20. Ncxd5 Qc6 21. Qc4 (21. f3 $14) 21... Nb5 $11 22. c3 Re6 23. f3 Bh6 24. b3 Bg7 25. Raa1 h5 26. Rac1 Bh6 {[#]} 27. Ne7+ $1 {[%mdl 512]} Rxe7 {[#]} 28. Nd5 {[%mdl 64] Discovered Attack} Re6 ({Don't blunder} 28... Rxe4 $2 29. Qxe4 Kg7 30. Bxh6+ Kxh6 31. Rcd1 $18) 29. Bxh6 Rfe8 30. Be3 (30. Qf1 {keeps more tension.} Ne5 31. Nf4 c4 32. Nxe6 Rxe6 33. bxc4 Nxc4 34. Kh1) 30... Ne5 31. Qf1 c4 32. bxc4 Nxc4 33. Bd4 Rc8 ({Black should play} 33... Nxa5 34. Nf6+ Rxf6 35. Bxf6 Nb3) 34. Bb6 Nxb6 35. axb6 f5 $2 {[%mdl 8192] Loses the game.} (35... Qc4 $16 {is tougher.}) 36. c4 $18 Na3 (36... Nd4 $142 37. exf5 {[%mdl 64] Discovered Attack} Rxe1 38. Rxe1 (38. Qxe1 $2 {perishes.} Qxd5 39. fxg6 Qe5 $19) 38... Qc5 39. Ne7+ Kf8) 37. exf5 {[%mdl 64] Discovered Attack} Nxc4 38. fxe6 Qxd5 {[#]} 39. Rxc4 $1 {[%mdl 576] Promotion} Rxc4 (39... Rb8 40. Qe2) 40. e7 {Weighted Error Value: White=0.13/Black=0.73} 1-0

[Event "73rd MNE-ch 2021"]
[Site "Podgorica"]
[Date "2021.05.08"]
[Round "6.8"]
[White "Musovic, Armin"]
[Black "Vujovic, Savo"]
[Result "1/2-1/2"]
[WhiteElo "2258"]
[BlackElo "2167"]
[Annotator "TA"]
[PlyCount "131"]
[EventDate "2021.05.03"]
[EventType "swiss"]
[EventCountry "MNE"]
[SourceTitle "playchess.com"]
[Source "ChessBase"]
[SourceQuality "1"]

{[%evp 9,131,14,35,0,0,0,0,0,21,0,1,0,17,0,0,-12,15,12,22,0,48,26,99,66,83,69,131,114,112,72,118,118,84,0,0,0,0,0,0,0,0,0,0,-53,-56,-58,-56,-59,-48,-54,-54,-54,-54,-61,-61,-55,-55,-58,-61,-67,-62,-84,-84,-78,-73,-85,-67,-67,-65,-68,-61,-61,-61,-61,-61,-61,-61,-61,-61,-68,-61,-61,-61,-61,-61,-61,-61,-61,-34,-34,-34,-34,-34,-53,-34,-53,-53,-53,-34,-53,-34,-34,-34,-40,-34,-61,-61,-61,-34,-61,-61,-68,-68,-68,-54,-54,-61,-68,-68,-68,-68,-68,-68,-68]} 1. e4 c5 2. c3 d6 3. d4 Nf6 4. Bd3 g6 5. dxc5 dxc5 6. Be3 {B07: Pirc Defence: Miscellaneous Systems.} Qc7 7. h3 Bg7 8. Nf3 {The position is equal.} Nbd7 9. O-O O-O {[#]} 10. Nbd2 $146 ({Predecessor:} 10. c4 e6 11. Nc3 a6 12. Qd2 Rd8 13. Rad1 Nb6 14. b3 Ne8 15. Rfe1 Qe7 16. e5 {1-0 (28) Wilke,W (2224)-Lubbers,J (2073) Vienna 2012}) 10... b6 11. Re1 Bb7 12. Bg5 e5 13. a4 h6 14. Bh4 Kh8 15. Bc4 Ng8 (15... Nh5 $11) 16. Bg3 Ne7 17. Qb3 f5 {[#]} (17... Kg8 $14) 18. exf5 $1 $16 gxf5 19. Be6 f4 20. Bh4 Ng6 21. Bf7 (21. Rad1 $16) 21... c4 $1 $11 {[%cal Rc4b3]} 22. Qxc4 Qxc4 23. Bxc4 Nc5 $36 {[%mdl 2048] [#] White must now prevent ...e4. Black has some pressure.} 24. b4 e4 25. bxc5 exf3 26. c6 Bxc6 $15 27. Re6 Nxh4 28. Rxc6 Rac8 29. Rxc8 Rxc8 30. Bd5 fxg2 31. Rc1 Rxc3 32. Rxc3 Bxc3 {[%mdl 4096] Endgame KBN-KBN} 33. Nf3 Nf5 34. Be4 Nd6 35. Bd5 b5 36. axb5 Nxb5 37. Nh4 Kg7 38. Nf5+ {Black is slightly better.} Kg6 39. Be4 Kg5 {Hoping for ...f3!} (39... Kf6 {keeps more tension.} 40. Nxh6 a5 41. Bd3 Nd4 42. Kxg2 a4) 40. Kxg2 Nd4 41. Nxd4 Bxd4 {KB-KB} 42. Kf3 a5 43. Bc6 Kf5 44. Ke2 Ke5 45. h4 Kd6 46. Be8 Bf6 47. h5 $1 Ke5 48. Kd3 Kf5 49. f3 Kg5 50. Ke2 Kh4 51. Kf2 Bd4+ 52. Kf1 Bc5 53. Ke2 Bb6 54. Kf1 Kg5 55. Ke2 Kf6 56. Bd7 Ke7 57. Bg4 Kd6 58. Kd3 Kc5 59. Kc2 Kb4 60. Kb1 Kb3 61. Be6+ Ka3 62. Bf7 a4 63. Be6 Bd4 64. Bf7 Kb4 65. Ka2 $1 Bc5 66. Be8 $1 {Weighted Error Value: White=0.10/Black=0.09} 1/2-1/2

[Event "73rd MNE-ch 2021"]
[Site "Podgorica"]
[Date "2021.05.08"]
[Round "6.9"]
[White "Djokovic, Mirsad"]
[Black "Scekic, Veljko"]
[Result "*"]
[WhiteElo "2127"]
[BlackElo "2224"]
[Annotator "TA"]
[PlyCount "45"]
[EventDate "2021.05.03"]
[EventType "swiss"]
[EventCountry "MNE"]
[SourceTitle "playchess.com"]
[Source "ChessBase"]
[SourceQuality "1"]

{[%evp 13,45,-21,-6,-39,15,15,17,0,1,0,0,0,9,0,1,-6,19,0,0,0,25,20,10,-9,0,-14,32,34,31,28,50,-39,110,0]} 1. e4 e5 2. d4 exd4 3. Qxd4 Nc6 4. Qe3 Nf6 5. Bd2 Be7 6. Nc3 d5 7. exd5 Nxd5 8. Qg3 {C22: Centre Game.} Nxc3 ({Black should play} 8... Ncb4 $15 9. Bb5+ c6) 9. Bxc3 $11 Bf6 10. Bb5 {The position is equal.} O-O 11. Ne2 Bxc3+ 12. Qxc3 Bd7 13. O-O Qg5 {[#]} 14. Bd3 $146 ({Predecessor:} 14. a4 a6 15. Bd3 Rfe8 16. Ng3 Re7 17. f4 Qa5 18. Qxa5 Nxa5 19. b4 Nc6 20. b5 {1-0 (55) Groetz,H (2303)-Jurcik,M (2342) Olomouc 2005}) 14... Qe5 15. Rad1 Rad8 16. Rfe1 Be6 (16... Rfe8 {with more complications.} 17. f3 Qe3+ 18. Kh1 g6 19. a3 Qe5) 17. Qxe5 Nxe5 18. Nf4 (18. Be4 {is interesting.} Rxd1 19. Rxd1 g6 20. Nf4 Bc8 21. c3) 18... Nxd3 19. Nxe6 Nxe1 20. Nxd8 {Threatens to win with c3.} Nxc2 21. Nxb7 Rb8 {[#]} 22. Rd5 Rf8 (22... Kf8 $15 {keeps the upper hand.} 23. Rd8+ Rxd8 24. Nxd8 Nb4) 23. Rd1 {Weighted Error Value: White=0.22/Black=0.30} (23. Rd7 $16) *

[Event "73rd MNE-ch 2021"]
[Site "Podgorica"]
[Date "2021.05.08"]
[Round "6.10"]
[White "Jeknic, Velimir"]
[Black "Koljevic, Nikolina"]
[Result "0-1"]
[WhiteElo "1956"]
[BlackElo "1931"]
[Annotator "TA"]
[PlyCount "80"]
[EventDate "2021.05.03"]
[EventType "swiss"]
[EventCountry "MNE"]
[SourceTitle "playchess.com"]
[Source "ChessBase"]
[SourceQuality "1"]

{[%evp 9,80,-42,-31,-68,-64,-104,-95,-100,-87,-120,-110,-144,-129,-158,-127,-163,-75,-81,-79,-103,-95,-102,-106,-151,-142,-171,-133,-387,-379,-377,-379,-381,-391,-391,-391,-383,-379,-439,-429,-516,-516,-506,-512,-521,-504,-502,-499,-550,-559,-518,-528,-654,-656,-725,-706,-722,-722,-722,-652,-645,-635,-903,-863,-1110,-1287,-1329,-1086,-1018,-1008,-1822,-1814,-2463,-2425]} 1. e4 c6 2. d4 d5 3. f3 e6 4. e5 c5 5. c3 Nc6 6. Bb5 {B12: Caro-Kann: Advance Variation.} Qb6 7. Bxc6+ bxc6 {[#]} 8. Ne2 $146 {Black is better.} ({Predecessor:} 8. a3 cxd4 9. cxd4 Ba6 10. b4 {½-½ (10) Sadikovic,S (2195)-Sadikovic,J (2054) Gorazde 2009}) 8... Ba6 9. dxc5 Bxc5 10. Nd4 Ne7 11. b4 Bxd4 12. Qxd4 Qxd4 (12... Qb5 $19 {[%csl Ga6][%cal Rb5e2] is more deadly.} 13. Qf2 Ng6) 13. cxd4 $17 Nf5 14. Bb2 Ne3 15. Kd2 Nxg2 16. Rg1 Nh4 17. Rxg7 Rb8 ({Resist} 17... Nxf3+ 18. Kc3 $17) 18. Bc3 $2 {[%mdl 8192] [#] White does not recover from this.} (18. Kc3 $17) 18... Ng6 $19 19. Na3 {Now b5 and White clings on.} Kf8 20. Rxg6 hxg6 21. Rh1 Rh3 22. Ke3 Ke7 23. b5 Bxb5 {Black is clearly winning.} 24. Bb4+ Kd7 25. Bd6 Rb7 26. Nb1 Ba6 27. Nc3 Rb2 28. Na4 Rxa2 29. Nc5+ Kc8 {[#] White must now prevent ...Be2.} 30. Kf4 Bb5 {aiming for ...Rg2.} 31. Kg5 Rxf3 32. Kh6 Rf1 33. Rxf1 Bxf1 {[%mdl 4096] Endgame KRB-KBN} 34. Kg7 Rf2 35. h4 a5 {[%cal Ba7a5,Ba5a4,Ba4a3,Ba3a2][%mdl 32]} 36. Kf8 Bb5 37. Ke7 a4 38. Nd7 c5 39. Nxc5 a3 40. Nb3 a2 {Weighted Error Value: White=0.40/Black=0.06} 0-1

[Event "73rd MNE-ch 2021"]
[Site "Podgorica"]
[Date "2021.05.08"]
[Round "6.13"]
[White "Obadovic, Zeljko"]
[Black "Lazarevic, Zoran V"]
[Result "0-1"]
[WhiteElo "1788"]
[BlackElo "2120"]
[Annotator "TA"]
[PlyCount "54"]
[EventDate "2021.05.03"]
[EventType "swiss"]
[EventCountry "MNE"]
[SourceTitle "playchess.com"]
[Source "ChessBase"]
[SourceQuality "1"]

{[%evp 12,54,21,15,19,1,21,-10,-8,-14,-12,-15,0,-17,0,-11,-8,-10,-14,-36,-37,-31,-35,-31,-10,-17,-25,-12,-19,-19,-16,-26,-26,-15,-18,-288,-262,-290,19,-1181,-1179,-2402,-2412,-2135,-2036]} 1. e4 c5 2. Nf3 d6 3. Bb5+ Bd7 4. Bxd7+ Nxd7 5. O-O Ngf6 6. Re1 e6 7. c3 Be7 {B52: Sicilian: Moscow Variation with 3...Bd7.} 8. d4 cxd4 {[#] 8...0-0 injects fresh life into this line.} 9. Qxd4 $146 ({Predecessor:} 9. cxd4 d5 10. e5 Ne4 11. Nbd2 Nxd2 12. Qxd2 O-O 13. Qf4 Rc8 14. Qg4 Kh8 15. Qh5 Rc2 16. Bg5 Kg8 17. Rac1 Rxc1 18. Rxc1 Bxg5 19. Nxg5 {1-0 (60) Nakamura,H (2736)-Moussard,J (2626) Chess.com INT 2020}) 9... O-O {The position is equal.} 10. Bg5 Qc7 11. Nbd2 Rfd8 12. Rad1 Nf8 13. Nf1 Ng6 14. Ng3 h6 15. Bc1 d5 {...dxe4 is the strong threat.} 16. Qe3 Bc5 17. Qe2 Ng4 18. Rf1 dxe4 19. Nxe4 Bb6 20. h3 N4e5 21. Nxe5 Qxe5 22. Qf3 f5 $40 {[%mdl 128] Black has some attack.} 23. Nd2 {[%mdl 8192]} (23. Ng3 $1 $11 {and White stays safe.}) 23... Nh4 $1 $19 {[%cal Rh4f3]} 24. Qxb7 Rab8 $2 {[#]} ({Black should play} 24... Qe2 $19 {Strongly threatening ...Rab8.} 25. Qc6 Bxf2+ $1 {[%mdl 576] Deflection} 26. Rxf2 Qxd1+ {[%mdl 64] Double Attack} 27. Rf1 Qe2) 25. Qe7 $2 {[%mdl 8192]} (25. Nc4 $1 $11 Bxf2+ {[%mdl 64] Decoy} 26. Kxf2 Qc5+ 27. Be3 Qxc4 28. Rxd8+ Rxd8 29. Qb4 Qxb4 30. cxb4) 25... Qg3 {[%csl Gh4][%cal Rg3g2] Black is clearly winning.} 26. Qxe6+ Kh8 {[%csl Gh4][%cal Rg3g2]} 27. Qc6 Rd6 {Weighted Error Value: White=0.80/Black=0.32} 0-1

[Event "73rd MNE-ch 2021"]
[Site "Podgorica"]
[Date "2021.05.08"]
[Round "6.15"]
[White "Vujadinovic, Zeljko"]
[Black "Sabotic, Denis"]
[Result "1-0"]
[WhiteElo "1859"]
[BlackElo "1737"]
[Annotator "NA RC"]
[PlyCount "83"]
[EventDate "2021.05.03"]
[EventType "swiss"]
[EventCountry "MNE"]
[SourceTitle "playchess.com"]
[Source "ChessBase"]
[SourceQuality "1"]

1. d4 d5 2. Nf3 Nf6 3. c4 c5 4. cxd5 cxd4 5. Qxd4 Qxd5 6. Nc3 Qxd4 7. Nxd4 a6 8. g3 e5 9. Nf3 Nc6 10. Bg2 Bb4 11. Bd2 Bg4 12. O-O Rd8 13. Bg5 O-O 14. Rac1 Rd6 $14 (14... Bxc3 $11 15. Rxc3 Rd6) 15. Bxf6 gxf6 16. h3 Bf5 17. Nh4 Bg6 18. a3 Bxc3 19. Rxc3 Rfd8 20. Bxc6 bxc6 21. Nxg6 fxg6 22. Rfc1 Rc8 23. R1c2 Kf7 24. Rb3 Ke6 25. Rb7 h5 26. Rg7 g5 27. Rh7 Kf5 28. Rxh5 Kg6 29. g4 Rd1+ 30. Kg2 e4 31. Rc4 f5 32. Rc5 Rd5 33. Rc3 c5 34. Rb3 Rcd8 35. f3 c4 36. Rb4 Rd2 37. fxe4 Rxe2+ 38. Kf3 Rc2 39. exf5+ Kf6 40. Rh6+ Kf7 41. Rb7+ Kg8 42. f6 1-0

[Event "73rd MNE-ch 2021"]
[Site "Podgorica"]
[Date "2021.05.08"]
[Round "6.16"]
[White "Lakusic, Zoran"]
[Black "Malisic, Miodrag"]
[Result "0-1"]
[WhiteElo "1693"]
[BlackElo "1839"]
[Annotator "NA RC"]
[PlyCount "40"]
[EventDate "2021.05.03"]
[EventType "swiss"]
[EventCountry "MNE"]
[SourceTitle "playchess.com"]
[Source "ChessBase"]
[SourceQuality "1"]

1. e4 e6 2. d4 b6 3. Nf3 Bb7 4. Bd3 Nf6 5. Bg5 Be7 6. Nbd2 d6 7. O-O Nbd7 8. Re1 e5 9. d5 Nxd5 10. Bxe7 Nxe7 11. Bc4 O-O 12. Ng5 h6 13. Nh3 Nf6 14. f4 a6 15. f5 b5 $17 16. Bf1 d5 17. exd5 Qxd5 18. Nf4 Qd4+ 19. Kh1 Qxf4 20. Bd3 Ng4 0-1

[Event "73rd MNE-ch 2021"]
[Site "Podgorica"]
[Date "2021.05.08"]
[Round "7.1"]
[White "Djukic, Nikola"]
[Black "Sukovic, Andrej"]
[Result "0-1"]
[WhiteElo "2515"]
[BlackElo "2283"]
[Annotator "TA"]
[PlyCount "118"]
[EventDate "2021.05.03"]
[EventType "swiss"]
[EventCountry "MNE"]
[SourceTitle "playchess.com"]
[Source "ChessBase"]
[SourceQuality "1"]

{[%evp 18,117,0,-7,22,22,30,16,27,0,0,-7,9,0,0,0,0,0,0,0,0,0,0,-24,0,-33,0,-12,-11,-19,0,-19,0,-41,1,2,0,-29,0,0,11,-37,0,0,-10,-16,0,0,0,0,0,-37,0,0,0,0,0,0,39,8,32,15,32,0,16,16,22,0,46,15,28,0,65,0,79,73,69,72,106,63,78,78,113,0,0,0,64,62,74,81,87,0,0,0,0,-7,595,-9,-8,-33,-33,-29999]} 1. e4 c5 2. Nc3 d6 3. Nf3 Nf6 4. g3 Nc6 5. Bg2 g6 6. O-O Bg7 7. d3 O-O 8. h3 Rb8 9. a4 {9.a4 is better than 9.Be3.} a6 10. Be3 Ne8 {B25: Closed Sicilian: 3 g3, lines without early Be3.} 11. d4 {[#]} cxd4 $146 ({Predecessor:} 11... b6 12. Qd2 Nc7 13. d5 Nb4 14. Bh6 e6 15. Bxg7 Kxg7 16. Nh2 exd5 17. exd5 Bf5 18. Rac1 {0-1 (54) Jurkovic,A (2326)-Mazi,L (2380) Bled 2000}) 12. Nxd4 Nc7 {The position is equal.} 13. Nde2 b5 14. Rb1 Bd7 15. axb5 axb5 16. Nd5 e6 17. Nxc7 Qxc7 18. Qd2 Na5 19. b3 Rfc8 20. c3 Ra8 21. Bd4 Bf8 22. Rfd1 Be8 23. f4 Nc6 24. Be3 Ra3 25. Kh2 Qa5 26. Rb2 Qc7 27. Rc1 Bg7 (27... Na5 $5 {[%cal Ra5b3]} 28. Qc2 Qb7 $11) 28. Rbb1 Rca8 29. Rc2 Rc8 30. Ra2 Rxa2 31. Qxa2 Ne7 32. Rc1 Nc6 33. Qd2 Na5 34. Qd1 Nc6 35. Qd3 Bf8 36. Ra1 Na5 37. Qd1 Nc6 38. h4 Bg7 39. Ra2 Rd8 40. Bf3 Bf6 41. h5 Bd7 42. Kg2 Na5 43. Bd2 Nc6 44. Be3 Na5 45. Rd2 ({Better is} 45. g4 $14) 45... Bc8 (45... e5 $11) 46. Qg1 $16 Nxb3 {[#]} 47. Bb6 $1 Qd7 48. Rb2 Nc5 $1 49. e5 Bb7 {[#]} 50. Bxd8 (50. exf6 $2 Bxf3+ 51. Kxf3 Qc6+ 52. Kg4 Qxb6 $19) (50. Qe3 $1 $16) 50... Bxf3+ $11 51. Kxf3 Qc6+ (51... Bxd8 $11 52. Kg2 Bb6) 52. Kg4 $14 Bxd8 53. Nd4 Qd5 {[#]} 54. hxg6 ({Reject} 54. Rxb5 $6 dxe5 55. Nc6 Qd3 $11) (54. Nxb5 $2 dxe5 55. hxg6 hxg6 $19) (54. Qg2 $1 $16 {[%cal Rg2d5] Qxd5 is the strong threat.} Qxg2 55. Rxg2 dxe5 56. fxe5) 54... hxg6 $11 55. Qg2 {aiming for Qxd5.} ({Not} 55. Nxb5 $2 Nd3 $19) 55... Ne4 $1 $40 {[%mdl 128] Hoping for ...b4. White needs to defend precisely.} 56. Rxb5 {[#]} Nf2+ $1 57. Qxf2 Qh1 {[%csl Gg6][%cal Rh1h5]} 58. f5 (58. exd6 $2 {is a self mate.} f5+ 59. Rxf5 exf5+ 60. Nxf5 Qh5#) 58... exf5+ 59. Kf4 $2 {[%mdl 8192]} (59. Nxf5 $15 Qh5+ 60. Kf4 Qxf5+ 61. Ke3 Bg5+ 62. Ke2 Qe4+ 63. Kf1) 59... Qe4# {Weighted Error Value: White=0.30/Black=0.16} 0-1

[Event "73rd MNE-ch 2021"]
[Site "Podgorica"]
[Date "2021.05.08"]
[Round "7.2"]
[White "Draskovic, Luka"]
[Black "Blagojevic, Dragisa"]
[Result "1/2-1/2"]
[WhiteElo "2472"]
[BlackElo "2481"]
[Annotator "ChessBase"]
[PlyCount "71"]
[EventDate "2021.05.03"]
[EventType "swiss"]
[EventCountry "MNE"]
[SourceTitle "playchess.com"]
[Source "ChessBase"]
[SourceQuality "1"]

1. e4 e5 2. Nf3 Nc6 3. Bc4 Bc5 4. c3 Nf6 5. d4 exd4 6. e5 d5 7. Bb5 Ne4 8. cxd4 Bb6 9. Nc3 O-O 10. Be3 Bg4 11. h3 Bh5 12. Qc2 Bg6 13. Qb3 Ne7 14. O-O c6 15. Bd3 Nd2 16. Nxd2 Bxd3 17. Rfe1 Bg6 18. Na4 Nf5 19. Nf3 Ba5 20. Re2 Qe7 21. Bd2 Bxd2 22. Rxd2 Rac8 23. Re1 Rc7 24. Nc3 Nh4 25. Nxh4 Qxh4 26. Qd1 Bh5 27. Qc1 Re7 28. Kh2 Bg4 29. Re3 f6 30. Qe1 Bf5 31. exf6 Rxe3 32. Qxe3 Qxf6 33. Re2 Bg6 34. f3 Qf4+ 35. Qxf4 Rxf4 36. Rd2 1/2-1/2

[Event "73rd MNE-ch 2021"]
[Site "Podgorica"]
[Date "2021.05.08"]
[Round "7.2"]
[White "Vujadinovic, Zeljko"]
[Black "Jeknic, Velimir"]
[Result "1/2-1/2"]
[WhiteElo "1859"]
[BlackElo "1956"]
[Annotator "NA"]
[PlyCount "23"]
[EventDate "2021.05.03"]
[EventType "swiss"]
[EventCountry "MNE"]
[SourceTitle "playchess.com"]
[Source "ChessBase"]
[SourceQuality "1"]

1. d4 Nf6 2. Nf3 g6 3. c4 Bg7 4. Nc3 O-O 5. g3 d6 6. Bg2 Nc6 7. b3 Bf5 8. Bb2 e5 9. d5 Nd4 10. Nxd4 exd4 11. Qxd4 Ne4 12. Qe3 1/2-1/2

[Event "73rd MNE-ch 2021"]
[Site "Podgorica"]
[Date "2021.05.08"]
[Round "7.3"]
[White "Podlesnik, Bogdan"]
[Black "Kalezic, Blazo"]
[Result "1/2-1/2"]
[WhiteElo "2356"]
[BlackElo "2456"]
[Annotator "ChessBase"]
[PlyCount "37"]
[EventDate "2021.05.03"]
[EventType "swiss"]
[EventCountry "MNE"]
[SourceTitle "playchess.com"]
[Source "ChessBase"]
[SourceQuality "1"]

1. e4 e6 2. d4 d5 3. Nd2 Nc6 4. Ngf3 Nf6 5. e5 Nd7 6. c3 f6 7. Bb5 fxe5 8. dxe5 Be7 9. O-O O-O 10. Re1 a5 11. a4 Nc5 12. Nb3 Bd7 13. Nxc5 Bxc5 14. Nd4 Nxd4 15. cxd4 Bxb5 16. dxc5 Be8 17. Qg4 Qd7 18. Be3 Bg6 19. Qd4 1/2-1/2

[Event "73rd MNE-ch 2021"]
[Site "Podgorica"]
[Date "2021.05.08"]
[Round "7.3"]
[White "Popovic, Mateja"]
[Black "Petrovic, Slavko"]
[Result "0-1"]
[WhiteElo "1712"]
[BlackElo "1867"]
[Annotator "NA"]
[PlyCount "68"]
[EventDate "2021.05.03"]
[EventType "swiss"]
[EventCountry "MNE"]
[SourceTitle "playchess.com"]
[Source "ChessBase"]
[SourceQuality "1"]

1. d4 d5 2. c4 e6 3. Nc3 Nf6 4. Bg5 Be7 5. e3 O-O 6. Nf3 Nc6 7. Rc1 h6 8. Bh4 a6 9. cxd5 exd5 10. a3 Bg4 11. h3 Be6 12. Bd3 Ne8 13. Bxe7 Nxe7 14. Qc2 c6 15. O-O Nd6 16. Na4 Bf5 17. Nc5 Bxd3 18. Qxd3 Rb8 19. Ne5 Re8 20. Qe2 Rc8 21. Qg4 Rc7 22. e4 dxe4 23. Nxf7 Kxf7 24. Ne6 Qc8 25. Nxc7 Qxc7 26. Rc3 Nd5 27. Qh5+ Ke6 28. Rg3 Nf6 29. Qc5 Kf7 30. Rc1 Qd7 31. Rb3 Qe6 32. Rcc3 Nd5 33. Rg3 Re7 34. Qc2 Nf5 0-1

[Event "73rd MNE-ch 2021"]
[Site "Podgorica"]
[Date "2021.05.08"]
[Round "7.4"]
[White "Nikac, Predrag"]
[Black "Potpara, Nikola"]
[Result "1-0"]
[WhiteElo "2318"]
[BlackElo "2370"]
[Annotator "NA"]
[PlyCount "63"]
[EventDate "2021.05.03"]
[EventType "swiss"]
[EventCountry "MNE"]
[SourceTitle "playchess.com"]
[Source "ChessBase"]
[SourceQuality "1"]

1. f4 d5 2. Nf3 Nh6 3. d3 g6 4. c3 Bg7 5. g3 O-O 6. Bg2 c6 7. O-O a5 8. e4 dxe4 9. dxe4 Be6 10. h3 Qb6+ 11. Rf2 f6 12. Nd4 Rd8 13. Qf1 Bf7 14. Be3 Qa6 15. Na3 Qxf1+ 16. Bxf1 Nd7 17. f5 Nf8 18. g4 e5 19. Nb3 Nd7 20. g5 fxg5 21. Bxg5 a4 22. Bxd8 Rxd8 23. fxg6 Bxg6 24. Bc4+ Kh8 25. Rd1 axb3 26. Rfd2 bxa2 27. Bxa2 Be8 28. Be6 Ng8 29. Bxd7 Bh6 30. Rd3 Bg5 31. Be6 Ra8 32. Bxg8 1-0

[Event "73rd MNE-ch 2021"]
[Site "Podgorica"]
[Date "2021.05.08"]
[Round "7.5"]
[White "Tomic, Aleksandar"]
[Black "Musovic, Armin"]
[Result "1/2-1/2"]
[WhiteElo "2377"]
[BlackElo "2258"]
[Annotator "NA"]
[PlyCount "80"]
[EventDate "2021.05.03"]
[EventType "swiss"]
[EventCountry "MNE"]
[SourceTitle "playchess.com"]
[Source "ChessBase"]
[SourceQuality "1"]

1. Nf3 Nf6 2. c4 c5 3. Nc3 Nc6 4. d4 cxd4 5. Nxd4 d6 6. e4 g6 7. Be2 Bg7 8. Be3 Bd7 9. Nc2 Rc8 10. f3 a6 11. Qd2 Ne5 12. Na3 Qa5 13. O-O Be6 14. Nd5 Qxd2 15. Bxd2 Nxd5 16. cxd5 Bd7 17. Bc3 O-O 18. f4 Ng4 19. Bxg7 Kxg7 20. Bxg4 Bxg4 21. h3 Bd7 22. Rfc1 b5 23. Kf2 e6 24. dxe6 Bxe6 25. b3 Rc5 26. Ke3 Rfc8 27. Kd2 f5 28. Rxc5 dxc5 29. exf5 Bxf5 30. Re1 Rd8+ 31. Kc1 Rd4 32. g3 Bxh3 33. Re7+ Kh6 34. Nc2 Rd7 35. Re5 Rc7 36. Ne3 Bc8 37. Nd5 Rf7 38. Ne3 Rc7 39. Nd5 Rf7 40. Ne3 Rc7 1/2-1/2

[Event "73rd MNE-ch 2021"]
[Site "Podgorica"]
[Date "2021.05.08"]
[Round "7.5"]
[White "Mosurovic, Milena"]
[Black "Obadovic, Zeljko"]
[Result "0-1"]
[WhiteElo "1428"]
[BlackElo "1788"]
[Annotator "NA"]
[PlyCount "42"]
[EventDate "2021.05.03"]
[EventType "swiss"]
[EventCountry "MNE"]
[SourceTitle "playchess.com"]
[Source "ChessBase"]
[SourceQuality "1"]

1. e4 c6 2. d4 d5 3. exd5 cxd5 4. Bd3 Nc6 5. c3 Nf6 6. Bf4 Bg4 7. Qb3 Qc8 8. Nd2 e6 9. Ngf3 Be7 10. O-O O-O 11. Rfe1 Rd8 12. h3 Bh5 13. Rac1 a6 14. a4 Bg6 15. Bxg6 hxg6 16. Re2 Nh5 17. Bh2 Bd6 18. Bxd6 Rxd6 19. Nf1 Na5 20. Qb4 Nc4 21. a5 Nf4 0-1

[Event "73rd MNE-ch 2021"]
[Site "Podgorica"]
[Date "2021.05.08"]
[Round "7.6"]
[White "Koljevic, Nikolina"]
[Black "Pecurica, Milos"]
[Result "1-0"]
[WhiteElo "1931"]
[BlackElo "2328"]
[Annotator "NA"]
[PlyCount "104"]
[EventDate "2021.05.03"]
[EventType "swiss"]
[EventCountry "MNE"]
[SourceTitle "playchess.com"]
[Source "ChessBase"]
[SourceQuality "1"]

1. e4 b6 2. d4 Bb7 3. Nc3 e6 4. Bd3 Nf6 5. Nge2 c5 6. Bg5 h6 7. Bxf6 Qxf6 8. d5 exd5 9. exd5 Qd8 10. Ng3 Be7 11. Qg4 Bf6 12. Nf5 Bxc3+ 13. bxc3 Qf6 14. O-O Kf8 15. c4 g6 16. Ng3 h5 17. Qh3 Na6 18. Qxd7 Bc8 19. Ne4 Bxd7 20. Nxf6 Ba4 21. a3 Kg7 22. Ne4 Nc7 23. f4 Bd7 24. f5 Bxf5 25. Nd6 Rad8 26. Nxf5+ gxf5 27. Rxf5 f6 28. Re1 Rd7 29. Kf2 Ne8 30. Re6 Kf7 31. Be2 Kg6 32. Rxh5 Rf8 33. Rh3 Ng7 34. Bd3+ Kf7 35. Ree3 Re8 36. Reg3 f5 37. Bxf5 Nxf5 38. Rh7+ Kf6 39. Rxd7 Nxg3 40. Kxg3 Re3+ 41. Kf4 Rxa3 42. g4 Ra4 43. g5+ Kg6 44. Rd6+ Kg7 45. Kf5 Rxc4 46. Rd7+ Kf8 47. d6 Rxc2 48. h4 Rh2 49. h5 Rxh5 50. Kg6 Rxg5+ 51. Kxg5 a5 52. Kf6 Ke8 1-0

[Event "73rd MNE-ch 2021"]
[Site "Podgorica"]
[Date "2021.05.08"]
[Round "7.6"]
[White "Sabotic, Denis"]
[Black "Lakusic, Zoran"]
[Result "1-0"]
[WhiteElo "1737"]
[BlackElo "1693"]
[Annotator "NA"]
[PlyCount "103"]
[EventDate "2021.05.03"]
[EventType "swiss"]
[EventCountry "MNE"]
[SourceTitle "playchess.com"]
[Source "ChessBase"]
[SourceQuality "1"]

1. e4 e5 2. Nf3 Nc6 3. Bc4 Nf6 4. d4 Bd6 5. Bg5 Nxd4 6. Nxd4 exd4 7. Qxd4 Qe7 8. Nc3 c6 9. f4 Bc5 10. Qd2 h6 11. Bxf6 gxf6 12. O-O-O d5 13. Bb3 Bg4 14. Rde1 d4 15. Na4 Be6 16. e5 f5 17. Nxc5 Qxc5 18. Bxe6 fxe6 19. Rd1 O-O-O 20. Qf2 Qc4 21. Kb1 a5 22. Rd3 a4 23. Rhd1 c5 24. Qh4 Qd5 25. g4 Qe4 26. gxf5 Qxf5 27. Qe7 Rd5 28. b4 Rhd8 29. bxc5 R5d7 30. Qh4 h5 31. Qg5 Qf8 32. Qf6 Qe8 33. f5 exf5 34. Qxf5 Kb8 35. Qf4 Rf7 36. Qh4 Qb5+ 37. Kc1 Rdf8 38. Qxd4 Rf4 39. Qd6+ Ka7 40. e6 R8f5 41. Qb6+ Qxb6 42. cxb6+ Kxb6 43. Re3 Rf8 44. e7 Re8 45. Rd8 Rxe7 46. Rxe7 Rf1+ 47. Rd1 Rf2 48. Rd2 Rf3 49. Rh7 Rf5 50. Kb2 Rb5+ 51. Ka3 Ka5 52. c4 1-0